2021 Comprehensive Surveillance Review : Background Paper on Systemic Risk and Macroprudential Policy Advice in Article IV Consultations.

This paper assesses progress made in deepening and integrating systemic risk analysis and macroprudential policy advice in Article IV consultations following up on the findings of the IEO evaluation. The assessment informs the Comprehensive Surveillance Review and the FSAP Review in their recommenda...

Ausführliche Beschreibung

Bibliographische Detailangaben
Körperschaft: International Monetary Fund. Strategy, Policy, and Review Department
Format: Zeitschrift
Sprache:English
Veröffentlicht: Washington, D.C. : International Monetary Fund, 2021.
Schriftenreihe:Policy Papers; Policy Paper ; No. 2021/033
Schlagworte:
Online Zugang:Full text available on IMF
LEADER 01838cas a2200277 a 4500
001 AALejournalIMF021806
008 230101c9999 xx r poo 0 0eng d
020 |c 5.00 USD 
020 |z 9781513582719 
022 |a 2663-3493 
040 |a BD-DhAAL  |c BD-DhAAL 
110 2 |a International Monetary Fund.  |b Strategy, Policy, and Review Department. 
245 1 0 |a 2021 Comprehensive Surveillance Review :   |b Background Paper on Systemic Risk and Macroprudential Policy Advice in Article IV Consultations. 
264 1 |a Washington, D.C. :  |b International Monetary Fund,  |c 2021. 
300 |a 1 online resource (32 pages) 
490 1 |a Policy Papers 
500 |a <strong>Off-Campus Access:</strong> No User ID or Password Required 
500 |a <strong>On-Campus Access:</strong> No User ID or Password Required 
506 |a Electronic access restricted to authorized BRAC University faculty, staff and students 
520 3 |a This paper assesses progress made in deepening and integrating systemic risk analysis and macroprudential policy advice in Article IV consultations following up on the findings of the IEO evaluation. The assessment informs the Comprehensive Surveillance Review and the FSAP Review in their recommendations to strengthen these areas in Article IV consultations. The findings point to notable improvements made since the launch of the macrofinancial mainstreaming initiative, particularly in staff reports for advanced economies and in covering bank and credit-related risks. 
538 |a Mode of access: Internet 
650 7 |a General Financial Markets  |2 imf 
650 7 |a Monetary Policy  |2 imf 
650 7 |a Political Economy  |2 imf 
830 0 |a Policy Papers; Policy Paper ;  |v No. 2021/033 
856 4 0 |z Full text available on IMF  |u http://elibrary.imf.org/view/journals/007/2021/033/007.2021.issue-033-en.xml  |z IMF e-Library